| Tag |
First Indicator |
Second Indicator |
Subfields |
| LEADER |
00000cam a2200000 i 4500 |
| 001 |
in00000082205 |
| 005 |
20151008061058.0 |
| 008 |
791017s1980 idua b 001 0 eng |
| 010 |
|
|
|a 78067199
|
| 020 |
|
|
|a 0870042769 (pbk.) :
|c $12.95
|
| 035 |
|
|
|a (OCoLC)05676251
|
| 035 |
|
|
|9 AAJ7254AM
|
| 040 |
|
|
|a DLC
|c DLC
|d TXA
|d UtOrBLW
|
| 043 |
|
|
|a n-us-ks
|a n-us-co
|
| 049 |
|
|
|a TXAS [dyks]
|
| 050 |
0 |
0 |
|a F687.S84
|b L43 1980
|
| 082 |
0 |
|
|a 978.1/1
|
| 100 |
1 |
|
|a Lee, Wayne C.
|
| 245 |
1 |
0 |
|a Trails of the Smoky Hill :
|b from Coronado to the cow towns /
|c by Wayne C. Lee and Howard C. Raynesford.
|
| 264 |
|
1 |
|a Caldwell, Idaho :
|b Caxton Printers,
|c 1980.
|
| 300 |
|
|
|a xvi, 235 pages :
|b illustrations ;
|c 23 cm.
|
| 336 |
|
|
|a text
|b txt
|2 rdacontent
|
| 337 |
|
|
|a unmediated
|b n
|2 rdamedia
|
| 338 |
|
|
|a volume
|b nc
|2 rdacarrier
|
| 504 |
|
|
|a Bibliography: pages [230]-232.
|
| 500 |
|
|
|a Includes index.
|
| 651 |
|
0 |
|a Smoky Hill River Valley (Colo. and Kan.)
|x History.
|
| 651 |
|
0 |
|a Butterfield Overland Trail.
|
| 610 |
2 |
0 |
|a Overland Mail Company
|x History.
|
| 650 |
|
0 |
|a Frontier and pioneer life
|z Smoky Hill Valley (Colo. and Kan.)
|
| 700 |
1 |
|
|a Raynesford, Howard C.,
|e author.
|
| 999 |
|
|
|a MARS
|
| 999 |
f |
f |
|s d994e439-21a1-3a4d-9bb4-07277f262e36
|i 1ec6bb95-376e-3324-8f72-920078d80327
|t 0
|
| 952 |
f |
f |
|p ric
|a Texas A&M University
|b Rellis Campus
|c Joint Library Facility
|d Remote Storage
|t 0
|e F687.S84 L43 1980
|h Library of Congress classification
|i unmediated -- volume
|m A14806110193
|
| 952 |
f |
f |
|p noncirc
|a Texas A&M University
|b College Station
|c Cushing Memorial Library & Archives
|d Cushing: Dykes (Does not check out)
|t 0
|e F687.S84 L43 1980
|h Library of Congress classification
|i unmediated -- volume
|m A14851724816
|
| 998 |
f |
f |
|a F687.S84 L43 1980
|t 0
|l Remote Storage
|
| 998 |
f |
f |
|a F687.S84 L43 1980
|t 0
|l Cushing: Dykes (Does not check out)
|